| 000 | 00921nas a2200313 4500 | ||
|---|---|---|---|
| 001 | BR2010003271 | ||
| 003 | BR-BrBNA | ||
| 005 | 20231205114131.0 | ||
| 007 | ta | ||
| 008 | 230509b bl.|||p| |||| 00| 00por d | ||
| 040 |
_aBR-BrBNA _bpor _cBiblioteca Nacional de Agricultura |
||
| 041 | _a(Pt) | ||
| 072 | _aF01 | ||
| 100 | 1 | _aTazima, Z.H. | |
| 100 | 1 | _aNeves, C.S.V.J. | |
| 100 | 1 | _aStenzel, N.M.C. | |
| 100 | 1 | _aYada, I.F.U. | |
| 100 | 1 | _aLeite Junior, R.P. | |
| 245 | 1 | _aProdução e qualidade de frutos de cultivares de laranja-doce no norte do Paraná | |
| 650 | _aLARANJA | ||
| 650 | _aQUALIDADE | ||
| 650 | _aGERMOPLASMA | ||
| 650 | _aFRUTO | ||
| 650 | _aPRODUÇÃO VEGETAL | ||
| 650 | _aVARIEDADE | ||
| 773 | 0 |
_tRevista Brasileira de Fruticultura (Brazil) _xISSN 0100 2945 _g(Jun 2009), v. 31(2) p. 474-479 _wBR2010003271 |
|
| 909 |
_a202311 _bLúcia _c55 _dLúcia Elande |
||
| 942 |
_2AGRIS _n0 _cANA |
||
| 999 |
_c207225 _d207225 |
||